Jeffrey Ian Sargeant and Caroline Elizabeth Sargeant v Macepark (Whittlebury) Ltd (Record no. 117595)
[ view plain ]
| 000 -LEADER | |
|---|---|
| fixed length control field | 02721cam a2200277 4500 |
| 001 - CONTROL NUMBER | |
| control field | ABS67947 |
| 008 - FIXED-LENGTH DATA ELEMENTS--GENERAL INFORMATION | |
| fixed length control field | 040625n2004 000 0 eng u |
| 035 ## - SYSTEM CONTROL NUMBER | |
| System control number | (Sirsi) u126605 |
| 245 ## - TITLE STATEMENT | |
| Title | Jeffrey Ian Sargeant and Caroline Elizabeth Sargeant v Macepark (Whittlebury) Ltd |
| 260 ## - PUBLICATION, DISTRIBUTION, ETC. | |
| Date of publication, distribution, etc. | 2004 |
| 490 ## - SERIES STATEMENT | |
| Series statement | Estates Gazette |
| Volume/sequential designation | [2004] 38 EG 164-174(13) |
| 520 ## - SUMMARY, ETC. | |
| Summary, etc. | [2004] EWHC 1333 (Ch), 8 June 2004. Claimant landlord S applied for a ruling that a clause restricting the use of a proposed extension to hotel premises on land leased by defendant tenant (M) was reasonable and could be inserted into a lease so as to vary it. S hadgranted a lease to M to build a hotel within a country park. The lease contained clauses restricting future development and construction works at the hotel. M sought permission to extend the hotel and after lengthy negotiations, S granted M a licence to commence building works subject to outcome of ruling. The court was asked to determine whether S's business interests were legitimate considerations when deciding whether the refusal of consent to building alterations was reasonable and if S should have sought compensatory payment under the Landlord and Tenant Act 1927 s19(2) for any loss suffered. "International Drilling Fluids Ltd v Louisville Investments (Uxbridge) Ltd" (ChD, [1986] Ch 513) and "Ashworth Frazer v Gloucester City Council" ([2001] UKHL 59, Abs64811) set out important principles relating to law of reasonableness. "Held": that where a tenant's use of a proposed building extension might have a detrimental effect on the landlord's business, the landlord could legitimately refuse consent for the insertion of a condition restricting the use of the extension into the lease. However as in this instance where the condition precluded the tenant from carrying on some of his existing business activities it went further than was reasonable in protecting the landlord's interests. View at www.courtservice.gov.uk. |
| 590 ## - LOCAL NOTE (RLIN) | |
| Local note | ABS |
| 590 ## - LOCAL NOTE (RLIN) | |
| Local note | ABS |
| 590 ## - LOCAL NOTE (RLIN) | |
| Local note | ABS |
| 650 ## - SUBJECT ADDED ENTRY--TOPICAL TERM | |
| Topical term or geographic name entry element | SARGEANT AND ANOTHER V MACEPARK (WHITTLEBURY) LTD |
| 650 ## - SUBJECT ADDED ENTRY--TOPICAL TERM | |
| Topical term or geographic name entry element | INTERNATIONAL DRILLING FLUIDS LTD V LOUISVILLE INVESTMENTS (UXBRIDGE) LTD |
| 650 ## - SUBJECT ADDED ENTRY--TOPICAL TERM | |
| Topical term or geographic name entry element | ASHWORTH FRAZER LTD V GLOUCESTER CITY COUNCIL |
| 650 ## - SUBJECT ADDED ENTRY--TOPICAL TERM | |
| Topical term or geographic name entry element | LANDLORD AND TENANT ACT 1927 S19 |
| 650 ## - SUBJECT ADDED ENTRY--TOPICAL TERM | |
| Topical term or geographic name entry element | RESTRICTIVE CLAUSES |
| 690 ## - LOCAL SUBJECT ADDED ENTRY--TOPICAL TERM (OCLC, RLIN) | |
| Topical term or geographic name as entry element | LANDLORD AND TENANT-LEASES-CASE LAW |
| 856 ## - ELECTRONIC LOCATION AND ACCESS | |
| Uniform Resource Identifier | <a href="https://www.courtservice.gov.uk/View.do?id=2591">https://www.courtservice.gov.uk/View.do?id=2591</a> |
| Public note | View judgment on the Court Service websiteƯ |
| 856 ## - ELECTRONIC LOCATION AND ACCESS | |
| Uniform Resource Identifier | <a href="https://www.courtservice.gov.uk/View.do?id=2591">https://www.courtservice.gov.uk/View.do?id=2591</a> |
| Public note | View judgment on the Court Service websiteƯ |
| 856 ## - ELECTRONIC LOCATION AND ACCESS | |
| Uniform Resource Identifier | <a href="https://www.courtservice.gov.uk/View.do?id=2591">https://www.courtservice.gov.uk/View.do?id=2591</a> |
| Public note | View judgment on the Court Service websiteƯ |
| 942 ## - ADDED ENTRY ELEMENTS (KOHA) | |
| Suppress in OPAC | 0 |
| Withdrawn status | Lost status | Source of classification or shelving scheme | Damaged status | Not for loan | Home library | Current library | Shelving location | Date acquired | Total Checkouts | Full call number | Barcode | Date last seen | Copy number | Price effective from | Koha item type |
|---|---|---|---|---|---|---|---|---|---|---|---|---|---|---|---|
| Dewey Decimal Classification | London | London | Journal article | 25/06/2004 | ABS67947 | 126605-1001 | 06/08/2019 | 1 | 06/08/2019 | Law report | |||||
| Dewey Decimal Classification | Virtual | Virtual | Online | 25/06/2004 | ONLINE | 126605-2001 | 06/08/2019 | 1 | 06/08/2019 | Law report |